000 004340000a22001810004500
003 MACL
005 20150729174203.0
008 150729b xxu||||| |||| 00| 0 eng d
040 _aMACL
_cMACL
041 _aEnglish
082 _a403/ANG
100 _aAngel Books
_93358
245 _aDictionary of Cooking & Food
260 _bAngel Books
_c2008
_aDelhi
350 _a250
650 _aDictionary
_9187
942 _cBK
_k403/ANG
_2ddc
999 _c42058
_d42058